| 000 | 01049nam0a2200289 4500 | ||
|---|---|---|---|
| 001 | RU\NLR\bibl\1760 | ||
| 005 | 20260408153825.0 | ||
| 010 |
_a5-87177-023-1 _91000 |
||
| 021 |
_aRU _b98-869 _944 |
||
| 035 | _a(NLR Aleph) 000001662 | ||
| 090 |
_a2707 _c2707 |
||
| 100 | _a19980615d1997 |||y0rusy50 ca | ||
| 101 | 0 | _arus | |
| 102 | _aRU | ||
| 105 | _a||||||||||||| | ||
| 200 | 1 |
_aПсков _eПамятники древности _eПутеводитель _fАлександр Бологов |
|
| 210 |
_aПсков _cОтчина _d1997 |
||
| 215 |
_a128 с. _cил. _d17 |
||
| 607 |
_aПсков, город _xАрхитектура _jПутеводители _3RU\NLR\auth\6671748 _91019661 |
||
| 686 | _aЩ113(2Р=Рус)92Псковл60 | ||
| 700 | 1 |
_4070 _8rus _7ca _aБологов _bА. А. _f1932- _gАлександр Александрович _3RU\NLR\auth\772112 _9112129 |
|
| 801 | 0 |
_aRU _bNLR _c19980615 _gPSBO |
|
| 801 | 1 |
_aRU _bNLR _c19980615 |
|
| 830 | _aАвт. раскрыт по кн. | ||
| 852 |
_aNLR _j98-2/239 |
||
| 942 | _cBOOK | ||
| 980 | _aNB | ||